Pays d'Océanie - Statistiques

Statistiques générales
  • Ce quiz a été pris 74 fois
  • Le résultat moyen est 9 sur 14
Réponses sur la Carte
Les réponses sont colorées sur une échelle allant du rouge au vert en fonction du pourcentage des utilisateurs qui les ont devinées à leur premier essai. Vous pouvez retrouver ces pourcentages ci-dessous.
 
Statistiques - réponses
Réponse % Correct
Australie
95%
Nouvelle-Zélande
88%
Papouasie-Nouvelle-Guinée
81%
Kiribati
70%
Vanuatu
67%
Micronésie
65%
Iles Fidji
63%
Iles Marshall
63%
Nauru
60%
Palaos
56%
Tonga
53%
Iles Salomon
51%
Samoa
49%
Tuvalu
42%
Aucun quiz correspondant
Distribution des résultats
% des personnes avec chaque résultat
Percentile par nombre de réponses
Votre historique - résultats
Vous n’avez pas pris ce quiz